Juan Panadero (Record no. 173609)

MARC details
000 -LEADER
campo de control de longitud fija 00631nam a22001935i 4500
001 - NÚMERO DE CONTROL
campo de control 173609
003 - IDENTIFICADOR DE NÚMERO DE CONTROL
campo de control ES-MaACL
005 - FECHA Y HORA DE LA ÚLTIMA TRANSACCIÓN
campo de control 20230906215304.0
008 - DATOS DE LONGITUD FIJA--INFORMACIÓN GENERAL
campo de control de longitud fija 091214s2006 ag |||| | spa d
080 ## - NÚMERO DE LA CLASIFICACIÓN DECIMAL UNIVERSAL
Número de la Clasificación Decimal Universal 929 Panadero, Juan
100 1# - ENTRADA PRINCIPAL--NOMBRE DE PERSONA
Nombre de persona Riera, Ermes Juan Pablo.
9 (RLIN) 141792
245 10 - MENCIÓN DEL TÍTULO
Título Juan Panadero
Resto del título : antes... y después.. /
Mención de responsabilidad, etc. Ermes Juan Pablo Riera, Aida Luz Riera, Juan Ahuerma Zalazar.
260 ## - PUBLICACIÓN, DISTRIBUCIÓN, ETC.
Lugar de publicación, distribución, etc. Salta :
Nombre del editor, distribuidor, etc. Milor,
Fecha de publicación, distribución, etc. [2006]
300 ## - DESCRIPCIÓN FÍSICA
Extensión 201 p. :
Otras características físicas il. ;
Dimensiones 22 cm.
600 14 - PUNTO DE ACCESO ADICIONAL DE MATERIA--NOMBRE DE PERSONA
Nombre de persona Panadero, Juan.
9 (RLIN) 141793
700 1# - ENTRADA AGREGADA--NOMBRE PERSONAL
Nombre de persona Riera, Aida Luz.
9 (RLIN) 141794
700 1# - ENTRADA AGREGADA--NOMBRE PERSONAL
Nombre de persona Ahuerma Zalazar, Juan.
9 (RLIN) 141795
852 ## - LOCALIZACIÓN
Ubicación ES-MaACL
Número de control de estantería C-44495
Holdings
Estatus retirado Estado de pérdida Estado de daño No para préstamo Biblioteca de origen Biblioteca actual Ubicación en estantería Fecha de adquisición Fuente de adquisición Total de préstamos Signatura topográfica completa Código de barras Visto por última vez Precio de reemplazo Tipo de ítem Koha
        Biblioteca del Ateneo de Madrid Biblioteca del Ateneo de Madrid Depósito 2 14/12/2009     C-44495 1182191 23/02/2023 23/02/2023 Libro impreso